| 000 | 01118nam a2200265Ia 4500 | ||
|---|---|---|---|
| 005 | 20260121170816.0 | ||
| 008 | 008 260114s9999 xx 000 0 eng d | ||
| 020 | _a9783030012014 | ||
| 037 | _aEBOOK | ||
| 040 | _aCRL | ||
| 040 | _beng | ||
| 040 | _cCRL | ||
| 041 | _2eng | ||
| 041 | _aeng | ||
| 084 | _qCRL | ||
| 100 |
_aDanail Stoyanov, Zeike Taylor, Duygu Sarikaya, Jonathan McLeod, Miguel Angel González Ballester, Noel C.F. Codella, Anne Martel, Lena Maier-Hein, Anand Malpani, Marco A. Zenati, Sandrine De Ribaupierre, Luo Xiongbiao, Toby Collins, Tobias Reichl, Klaus Drechsler, Marius Erdt, Marius George Linguraru, Cristina Oyarzun Laura, Raj Shekhar, Stefan Wesarg, M. Emre Celebi, Kristin Dana, Allan Halpern _91068414 |
||
| 245 | 0 | _aOR 2.0 Context-Aware Operating Theaters, Computer Assisted Robotic Endoscopy, Clinical Image-Based Procedures, and Skin Image Analysis | |
| 260 | _bSpringer | ||
| 260 | _bSpringer | ||
| 260 | _c2018 | ||
| 856 | _uhttps://link.springer.com/openurl?genre=book&isbn=978-3-030-01201-4 | ||
| 942 | _cEBOOK | ||
| 999 |
_c1634144 _d1634144 |
||